Дело по определению 1-го Департамента Правительствующего Сената по жалобе коллежского регистратора Зилоницкого о неправильном об...

Доступно только в Электронных читальных залах Найти на картеНа карте
RUSMARC
00003624nmc2a2200000 x 450
0018465c176-134e-48ec-8205-bb2a45ebcbcc
00520160706142316.0
100##$a20150810l18591859k l0rusy0189 ca
1010#$arus
102##$aRU
2001#$aДело по определению 1-го Департамента Правительствующего Сената по жалобе коллежского регистратора Зилоницкого о неправильном обложении дома его в городе Минске постойной повинностью
$j19 мая - 3 июня 1859 г.
251##$cДело
300##$aДело
801#0$aRU
$bРГИА
$c20150810
$gRCR
801#1$aRU
$bГлавНИВЦ
$c20150810
$2rusmarc
801#2$aRU
$bПБ им. Б.Н. Ельцина
$c20160706
$gRCR
$2rusmarc
850##$aРГИА
852##$aРГИА
$eФедеральное казенное учреждение "Российский государственный исторический архив" (РГИА)
$j412
937##$hРГИА
$d12087546
$aASBIBLIO_SCAN
462#0$10012b27dfda-2c9d-44cf-86d6-db2e6106e749
$12001
$aДела по еврейским казенным училищам за 1856-1862 гг.
$1251
$cОпись
$1852
$j98
461#0$1001a74412a3-3cc5-4d21-8f0a-dfe2fbd9e72d
$12001
$aДепартамент народного просвещения Министерства народного просвещения (1803-1917)
$1251
$cФонд
$1852
$j733
215##$a6 л.
$d36,5х26 см
371##$aДокумент не является опубликованным и широко распространяемым
105##$ay###
1222#$ad
035##$a8465c176-134e-48ec-8205-bb2a45ebcbcc
Формат отображения